000 00899nam a2200277 i 4500
003 DO-SdBNP
005 20240711111925.0
007 ta
008 240711b1995 sp ||||| |||| 00| 0 spa d
020 _a8432247294
040 _aDO-SdBNP
_bspa
_cBNPHU
_erda
082 4 _222
100 1 _aFry, Stephen,
_eautor
_986054
245 1 3 _aEl hipopótamo :
_bnovela /
_cStephen Fry ; traducción, Piar Giralt Gorina ; prólogo, E. L. W.
264 _aBarcelona :
_bSeix Barral,
_c1995.
300 _a280 páginas :
_c21 cm.
336 _2rdacontent
_atexto
_btxt
337 _2rdamedia
_asin mediación
_bn
338 _2rdacarrier
_avolumen
_bnc
500 _aIncluye datos biográficos del autor en la solapa de la cubierta
590 _aInventariado, 2024/BT
700 1 _aGiralt Gorina, Pilar,
_etraducción
_965685
700 1 _aL.W., E.,
_eprólogo
_986055
910 _aBtavárez
942 _2ddc
_cLBS1
999 _c57261
_d57261